<?xml version="1.0" encoding="UTF-8"?>
<record
    xmlns:xsi="http://www.w3.org/2001/XMLSchema-instance"
    xsi:schemaLocation="http://www.loc.gov/MARC21/slim http://www.loc.gov/standards/marcxml/schema/MARC21slim.xsd"
    xmlns="http://www.loc.gov/MARC21/slim">

  <leader>01269nam a2200253 a 4500</leader>
  <controlfield tag="001">000032420</controlfield>
  <controlfield tag="005">20200930065630.0</controlfield>
  <controlfield tag="008">110718s1954    dr            000 0 spa d</controlfield>
  <datafield tag="040" ind1=" " ind2=" ">
    <subfield code="a">DO-SdBNP</subfield>
    <subfield code="b">spa</subfield>
    <subfield code="c">BNPHU</subfield>
  </datafield>
  <datafield tag="100" ind1="1" ind2=" ">
    <subfield code="a">L&#xF3;pez de Palacios Rubios, Juan</subfield>
    <subfield code="9">58380</subfield>
  </datafield>
  <datafield tag="245" ind1="1" ind2="0">
    <subfield code="a">De las islas del mar oc&#xE9;ano ;</subfield>
    <subfield code="b">Del dominio de los Reyes de Espa&#xF1;a sobre los indios /</subfield>
    <subfield code="c">Juan L&#xF3;pez de Palacios. Del dominio de los Reyes de , Matias de Paz ; introducci&#xF3;n de Silvio Zavala ; traducci&#xF3;n, notas y bibliograf&#xED;a de Agust&#xED;n Millares Carl&#xF3;.</subfield>
  </datafield>
  <datafield tag="260" ind1=" " ind2=" ">
    <subfield code="a">Buenos Aires :</subfield>
    <subfield code="b">Fondo de Cultura Econ&#xF3;mica,</subfield>
    <subfield code="c">1954.</subfield>
  </datafield>
  <datafield tag="300" ind1=" " ind2=" ">
    <subfield code="a">cxxx, 209 p. ;</subfield>
    <subfield code="c">22 cm.</subfield>
  </datafield>
  <datafield tag="490" ind1="1" ind2=" ">
    <subfield code="a">Biblioteca americana</subfield>
    <subfield code="a">cronistas de Indias</subfield>
  </datafield>
  <datafield tag="500" ind1=" " ind2=" ">
    <subfield code="a">Incluye &#xED;ndices</subfield>
  </datafield>
  <datafield tag="500" ind1=" " ind2=" ">
    <subfield code="a">Incluye referencias bibliogr&#xE1;ficas y notas al pie de las p&#xE1;ginas</subfield>
  </datafield>
  <datafield tag="500" ind1=" " ind2=" ">
    <subfield code="a">Dos obras encuadernadas juntas con paginaci&#xF3;n contin&#xFA;a</subfield>
  </datafield>
  <datafield tag="504" ind1=" " ind2=" ">
    <subfield code="a">Bibliograf&#xED;a: p. 269-289</subfield>
  </datafield>
  <datafield tag="700" ind1="1" ind2=" ">
    <subfield code="a">Paz, Mat&#xED;as de Paz,</subfield>
    <subfield code="d">1468 (ca.)-1519</subfield>
    <subfield code="t">Del dominio de los reyes de Espa&#xF1;a sobre los indios.</subfield>
    <subfield code="9">58381</subfield>
  </datafield>
  <datafield tag="700" ind1="1" ind2=" ">
    <subfield code="a">Millares Carlo, Agust&#xED;n,</subfield>
    <subfield code="d">1893-1980.</subfield>
    <subfield code="9">21293</subfield>
  </datafield>
  <datafield tag="700" ind1="1" ind2=" ">
    <subfield code="a">Zavala, Silvio</subfield>
    <subfield code="9">46363</subfield>
  </datafield>
  <datafield tag="740" ind1="0" ind2=" ">
    <subfield code="a">Del dominio de los reyes de Espa&#xF1;a sobre los indios.</subfield>
  </datafield>
  <datafield tag="830" ind1=" " ind2="0">
    <subfield code="a">Biblioteca americana</subfield>
    <subfield code="p">cronistas de Indias</subfield>
    <subfield code="9">57182</subfield>
  </datafield>
  <datafield tag="952" ind1=" " ind2=" ">
    <subfield code="0">0</subfield>
    <subfield code="1">0</subfield>
    <subfield code="7">1</subfield>
    <subfield code="8">PD</subfield>
    <subfield code="a">PD</subfield>
    <subfield code="b">PD</subfield>
    <subfield code="c">CT</subfield>
    <subfield code="d">2011-07-18</subfield>
    <subfield code="i">LF1</subfield>
    <subfield code="l">0</subfield>
    <subfield code="o"> </subfield>
    <subfield code="p">32420-10</subfield>
    <subfield code="r">2020-06-25</subfield>
    <subfield code="w">2020-06-25</subfield>
    <subfield code="y">LFPD</subfield>
    <subfield code="z">Perteneci&#xF3; a la biblioteca personal de Juan Isidro Jimenes Grull&#xF3;n.</subfield>
    <subfield code="Z">No se presta</subfield>
  </datafield>
  <datafield tag="999" ind1=" " ind2=" ">
    <subfield code="c">31911</subfield>
    <subfield code="d">31911</subfield>
  </datafield>
</record>
